| 000 | 00593nam a2200229 4500 | ||
|---|---|---|---|
| 003 | OSt | ||
| 005 | 20180116183016.0 | ||
| 008 | 151009b xxu||||| |||| 00| 0 eng d | ||
| 020 | _a9788120347724 | ||
| 022 | _a9788120347724 | ||
| 040 | _c0 | ||
| 050 | _a005.5 | ||
| 082 | _a005.5 | ||
| 100 | _aMurray,Katherine. | ||
| 245 |
_aMicrosoft Office Professional 2013 Plain and Simple. _cKatherine Murray. |
||
| 260 |
_aDelhi _bPHI Learning . _c2014. |
||
| 300 | _a452p. | ||
| 500 | _aPaper Cover | ||
| 600 | _aMurray,Katherine. | ||
| 700 | _aMurray,Katherine. | ||
| 942 |
_2ddc _cBK _k005.5 |
||
| 999 |
_c350403 _d350403 |
||